Riadenie vzťahov so zákazníkmi ( CRM ) v podniku bakalárska práca

Gespeichert in:
Bibliographische Detailangaben
1. Verfasser: Rybanská, Stanislava
Körperschaft: Obchodná fakulta EU. Katedra marketingu
Weitere Verfasser: Vasiľová, Mária, 1985-
Format: Buch
Sprache:Slowakisch
Veröffentlicht: Bratislava 2011
Tags: Tag hinzufügen
Keine Tags, Fügen Sie das erste Tag hinzu!

MARC

LEADER 00000nbm a2200000 4500
001 0132074
005 20161109111430.1
041 0 |a slo 
044 |a SK 
245 1 0 |a Riadenie vzťahov so zákazníkmi ( CRM ) v podniku  |b bakalárska práca  |c Stanislava Rybanská ; školiteľ: Mária Vasiľová 
264 1 |a Bratislava  |c 2011 
300 |a 52 s. 
100 1 |a Rybanská, Stanislava 
700 1 |a Vasiľová, Mária, 1985- 
710 2 |a Obchodná fakulta EU. Katedra marketingu